Communication Skills (Record no. 10725)
[ view plain ]
| 000 -LEADER | |
|---|---|
| fixed length control field | 00413nam a22001817a 4500 |
| 003 - CONTROL NUMBER IDENTIFIER | |
| control field | OSt |
| 008 - FIXED-LENGTH DATA ELEMENTS--GENERAL INFORMATION | |
| fixed length control field | 210722b ||||| |||| 00| 0 eng d |
| 020 ## - INTERNATIONAL STANDARD BOOK NUMBER | |
| International Standard Book Number | 9780199457069 |
| 082 ## - DEWEY DECIMAL CLASSIFICATION NUMBER | |
| Classification number | 621.38216 KUC |
| 100 ## - MAIN ENTRY--PERSONAL NAME | |
| Personal name | KUMAR,Sanjay |
| 245 ## - TITLE STATEMENT | |
| Title | Communication Skills |
| 250 ## - EDITION STATEMENT | |
| Edition statement | 2nd |
| 260 ## - PUBLICATION, DISTRIBUTION, ETC. (IMPRINT) | |
| Place of publication, distribution, etc | New Delhi |
| Name of publisher, distributor, etc | Oxford |
| Date of publication, distribution, etc | 2019 |
| 300 ## - PHYSICAL DESCRIPTION | |
| Extent | 601 |
| 650 ## - SUBJECT ADDED ENTRY--TOPICAL TERM | |
| Topical term or geographic name as entry element | Applied Sc. |
| 700 ## - ADDED ENTRY--PERSONAL NAME | |
| Personal name | LATA,Pushp |
| 942 ## - ADDED ENTRY ELEMENTS (KOHA) | |
| Source of classification or shelving scheme | Dewey Decimal Classification |
| Koha item type | Text Books |
| 942 ## - ADDED ENTRY ELEMENTS (KOHA) | |
| -- | 1 |
| Withdrawn status | Lost status | Source of classification or shelving scheme | Damaged status | Not for loan | Collection code | Home library | Current library | Date acquired | Source of acquisition | Currency | Cost, normal purchase price | Bill Number | Total Checkouts | Full call number | Acc. no. / Barcode | Date last seen | Actual Cost, discounted price | Bill Date | Koha item type | Date last borrowed |
|---|---|---|---|---|---|---|---|---|---|---|---|---|---|---|---|---|---|---|---|---|
| Dewey Decimal Classification | Applied Sc. | PIET C-LIBRARY | PIET C-LIBRARY | 01/07/2021 | Kirti Praskshan | IN Rupees | 685.00 | IN2215 | 621.38216 KUC | 33091 | 22/07/2021 | 472.65 | 01/07/2021 | Text Books | ||||||
| Dewey Decimal Classification | Applied Sc. | PIET C-LIBRARY | PIET C-LIBRARY | 14/09/2021 | Kirti Prakashan | indian rup | 685.00 | IN2479 | 658.45 KUC | 33178 | 14/09/2021 | 465.80 | 14/09/2021 | Text Books | ||||||
| Dewey Decimal Classification | Applied Sc. | PIET C-LIBRARY | PIET C-LIBRARY | 14/09/2021 | Kirti Prakashan | indian rup | 685.00 | IN2479 | 1 | 658.45 KUC | 33179 | 26/09/2023 | 465.80 | 14/09/2021 | Text Books | 12/09/2023 | ||||
| Dewey Decimal Classification | Applied Sc. | PIET C-LIBRARY | PIET C-LIBRARY | 14/09/2021 | Kirti Prakashan | indian rup | 685.00 | IN2479 | 3 | 658.45 KUC | 33180 | 05/03/2025 | 465.80 | 14/09/2021 | Text Books | 03/03/2025 | ||||
| Dewey Decimal Classification | Applied Sc. | PIET C-LIBRARY | PIET C-LIBRARY | 14/09/2021 | Kirti Prakashan | indian rup | 685.00 | IN2479 | 2 | 658.45 KUC | 33181 | 09/09/2024 | 465.80 | 14/09/2021 | Text Books | 15/05/2024 | ||||
| Dewey Decimal Classification | Applied Sc. | PIET C-LIBRARY | PIET C-LIBRARY | 14/09/2021 | Kirti Prakashan | indian rup | 685.00 | IN2479 | 1 | 658.45 KUC | 33182 | 22/09/2023 | 465.80 | 14/09/2021 | Text Books | 12/09/2023 |